00810nam a2200265 a 4500001001300000003000900013005001700022008004100039020002300080082002000103100002300123245005600146260004400202300000900246500003500255505001000290650002500300650001300325650001800338700002300356902000800379942000700387952013300394999001700527nice12345678IN_TiNIC20260116013647.0050524s1996 lona grp 000 0 eng  a0197992 c39500a324.245408bVAN aVander Veer, Peter aReligious Nationalismb Hindus and Muslims in India aLondan bOxford University Press c1996 a202p aincludes index and biblioraphy2 aIndex aFundamentalism-Hindu aHindutva aMuslims-India1 aVander Veer, Peter bSRS cBK 001040708StackRoom-aHMIbHMId2013-07-02g395.00l1o324.245408 VANp016855r2020-02-27s2020-02-20v395.00w2005-05-24yBK c11852d11852